Southville International School and Colleges
Your cart is empty.
  • Cart
  • Lists
    Public lists Eva Luna New books Lux_list list_1
    Your lists Log in to create your own lists
  • Log in to your account
  • Your cookies
  • Search history
Southville International School and Colleges
  • Advanced search
  • Recent comments
  • Most popular
  • Libraries

Log in to your account

Log in with GOOGLE


If you do not have an external account, but do have a local account, you can still log in:

  1. Home
  2. MARC view: Who's wearing my sunglasses? /
Normal view MARC view ISBD view

Who's wearing my sunglasses? / (Record no. 104247)

[ view plain ]
MARC details
000 -LEADER
fixed length control field 00508nam a2200181 a 4500
005 - DATE AND TIME OF LATEST TRANSACTION
control field 20140412111317.0
008 - FIXED-LENGTH DATA ELEMENTS--GENERAL INFORMATION
fixed length control field 010319s19uu xx 00 eng d
020 ## - INTERNATIONAL STANDARD BOOK NUMBER
International Standard Book Number 0-86432-294-1
050 ## - LIBRARY OF CONGRESS CALL NUMBER
Classification number ER
Item number Wh55 1990
100 ## - MAIN ENTRY--PERSONAL NAME
Personal name Smith, Donald
245 ## - TITLE STATEMENT
Title Who's wearing my sunglasses? /
Statement of responsibility, etc Donald Smith.
260 ## - PUBLICATION, DISTRIBUTION, ETC. (IMPRINT)
Place of publication, distribution, etc [s.l.] :
Name of publisher, distributor, etc Hawk Books Ltd,
Date of publication, distribution, etc 1990.
300 ## - PHYSICAL DESCRIPTION
Extent 1 v. (unp.) ; ill.
440 ## - SERIES STATEMENT/ADDED ENTRY--TITLE
Title Peek Through Board Books
650 ## - SUBJECT ADDED ENTRY--TOPICAL TERM
Topical term or geographic name as entry element Sunglass - Fiction
650 ## - SUBJECT ADDED ENTRY--TOPICAL TERM
Topical term or geographic name as entry element Sunglass - Stories
Holdings
Withdrawn status Lost status Damaged status Use restrictions Home library Current library Shelving location Date acquired Source of acquisition Total Checkouts Full call number Barcode Date last seen Price effective from Koha item type
        Elizalde Library Elizalde Library Easy Reading Section 03/19/2001     ER Wh55 1990 E7132 04/12/2014 04/12/2014 Books

Who's wearing my sunglasses? /

APA

Smith D., . (1990). Who's wearing my sunglasses?. [s.l.]: Hawk Books Ltd.

Chicago

Smith Donald, . 1990. Who's wearing my sunglasses?. [s.l.]: Hawk Books Ltd.

Harvard

Smith D., . (1990). Who's wearing my sunglasses?. [s.l.]: Hawk Books Ltd.

MLA

Smith Donald, . Who's wearing my sunglasses?. [s.l.]: Hawk Books Ltd. 1990.

  • Place hold
  • Print
  • Cite
  • Add to your cart (remove)
  • Save record
    BIBTEX Dublin Core MARCXML MARC (non-Unicode/MARC-8) MARC (Unicode/UTF-8) MARC (Unicode/UTF-8, Standard) MODS (XML) RIS
  • More searches
    Search for this title in:
    Other Libraries (WorldCat) Other Databases (Google Scholar) Online Stores (Bookfinder.com) Open Library (openlibrary.org)

Exporting to Dublin Core...

SOUTHVILLE LIBRARY

Southville International School and Colleges Library

1281 Tropical Ave. Cor. Luxembourg St., BF Homes International, Las Pinas City

Tel. No. 8256374 / 252358 Loc. 117/146

Powered by Koha